000 00704nam a2200289Ia 4500
005 20260324123856.0
008 008 260324s9999 xx 000 0 eng d
020 _a9781315218038
037 _aEBOOK
040 _aCRL
040 _beng
040 _cCRL
041 _2eng
041 _aeng
084 _qCRL
100 _aPushkin Kachroo; Sabiha Wadoo
_91171995
245 0 _aAutonomous Underwater Vehicles
245 0 _bModeling, Control Design and Simulation
260 _bTaylor and Francis
260 _c2011
365 _a
365 _b385
856 _uhttp://www.taylorfrancis.com/books/9781315218038
942 _cEBOOK
999 _c1765878
_d1765878